000 00401cam a2200169ua 4500
020 _c25.00
041 _aeng
_h
082 _a821
_bSWI/SW
100 _aSwinburne, .
245 _aSwinburne: A selection /
_cSwinburne.
_hTextual Documents
260 _a :
_bWeidenfield and Nicolson ,
_c1960.
300 _a286 ; .
365 _a25.00
504 _a
942 _cBK
999 _c4754
_d4754